05143namaa22003011i 4500003000400000005001700004008004100021040004300062041001800105082001200123100009200135245031300227246012500540264001000665300006100675336002200736337002500758338002300783502007200806504004800878520208600926520149503012530004304507546009904550650004404649653007704693700007104770OSt20260430123011.0250827s2025 ua a|||frm||| 000 0 eng d aEG-GICUCbaracEG-GICUCdEG-GICUCerda0 aarabarabeng04a155.6450 a،منى عبد الله عبد الباقي أحمد الشرقاويeإعداد.10aدور العزو السببي والكفاءة الاجتماعية والحب في إدارة الصراع الزواجي لدى حديثي الزواج /cإعداد منى عبد الله عبد الباقي أحمد الشرقاوي؛ إشراف أ.د/ نصرة منصور عبد المجيد.15aThe role of causal attribution social efficiency and love as predictors of marital conflict management among newlyweds / 0c2025. a202 صفحة :bإيضاحيات ؛ c25 سم. + eCD. atext2rda content aUnmediated2rdamedia avolume2rdacarrier aأطروحة (ماجستير)-جامعة القاهرة، 2025.  aببليوجرافيا: صفحات 180-199. aهدفت الدراسة الحالية إلى بحث دور العزو السببي والكفاءة الاجتماعية والحب في إدارة الصراع الزواجى لدى حديثي الزواج. وتكوّنت عينة الدراسة الأساسية من (262) زوجاً وزوجة حديثي الزواج (131 زوج، 131 زوجة). تراوحت أعمارهم بين (25- 45) سنة، وتراوحت مدة زواجهم بين 1 إلى 5 سنوات، ومن مستويات تعليمية مختلفة. وطبَّق على أفراد العينة أربعة مقاييس تمثلت في: مقياس العزو السببي إعداد الباحثة، ومقياس الكفاءة الاجتماعية إعداد الباحثة، ومقياس الحب إعداد روبرت ستيرنبرج Sternberg,1997 وترجمة نصرة منصور (2012)، ومقياس إدارة الصراع الزواجي إعداد الباحثة. وكشفت نتائج الدراسة عن وجود علاقة ارتباطية دالة سالبة بين الدرجة الكلية للعزو السببي وإدارة الصراع الزواجي لدى الزوجات على حين لا توجد علاقة ارتباطية لدى الأزواج. وتنبأت الدرجة الكلية لكل من الكفاءة الاجتماعية والحب بإدارة الصراع الزواجى لدى الأزواج. كما كشفت النتائج عن قدرة النموذج المكون من الدرجة الكلية للحب والدرجة الكلية للكفاءة الاجتماعية معًا على التنبؤ بإدارة الصراع الزواجي لدى الزوجات. واستحوذ بُعد الحميمية على الدور التنبؤي الأول والدال بإدارة الصراع الزواجي لدى الأزواج على حين استحوذ بُعد الحرص على استمرار العلاقة على الدور التنبؤي الأول بإدارة الصراع الزواجي لدى الزوجات. aThe current study aimed to explore the role of causal attribution, social efficiency, and love in managing marital conflict among newlyweds. A sample consisted of 262 participants (131 husbands and 131 wives) aged between (25-45) years, with marriage durations ranging from 1 to 5 years. They represent different levels of education. Four measurement tools were administered to the participants: Causal Attribution Scale, developed by the researcher, social efficiency Scale, developed by the researcher, Love Scale by Robert Sternberg (1997), translated by Nasra Mansour (2012), and Marital Conflict Management Scale, developed by the researcher. Results revealed a significant negative correlation between total score of causal attribution and marital conflict management among wives, while no correlation was observed among husbands. Furthermore, total scores of both social efficiency and love were found to predict marital conflict management for both husbands and wives. Findings also demonstrated the ability of a combined model of total social efficiency and total love scores to predict marital conflict management among husbands. Similarly, the combined model of total love and total social efficiency scores was found to predict marital conflict management among wives. The intimacy dimension emerged as the most significant predictor of marital conflict management among husbands, whereas the commitment was the strongest predictor of conflict management strategies among wives. aصدر أيضًا كقرص مدمج. aالنص بالعربية والملخص باللغة الإنجليزية والعربية. 7aعلم نفس المتزوجون2qrmak 0aالعزو السببي aالكفاءة الاجتماعية aالحب0 aنصرة منصور عبد المجيد eمشرف أطروحة.